[Event "HUN-chT 9798"]
[Site "Hungary"]
[Date "1998.??.??"]
[Round "?"]
[White "Horvath, Gyula"]
[Black "Stohl, Igor"]
[Result "1-0"]
[WhiteElo "2480"]
[BlackElo "2580"]

1.Nf3 d5 2.c4 d4 3.g3 c5 4.b4 cxb4 5.a3 bxa3 6.Bxa3 Nc6 7.Bg2 g6 8.d3 Bg7
9.Nbd2 Nh6 10.O-O O-O 11.Qb3 Qc7 12.Rfb1 Rb8 13.Ne1 Bd7 14.Nc2 b6 15.Ne4 Rfe8
16.Qa2 Ng4 17.Bc1 a5 18.Rb3 Na7 19.Nb4 Qd8 20.Bf4 Rc8 21.Nd5 b5 22.Qxa5 Qxa5
23.Rxa5 bxc4 24.dxc4 Nc6 25.Raa3 Bf5 26.Nb6 Rcd8 27.Bc7 d3 28.exd3 Rd4 29.Nc5 Nce5
30.h3 Nh6 31.f4 Nd7 32.Nbxd7 Bxd7 33.Nxd7 Rxd7 34.Bc6 Rxc7 35.Bxe8 Nf5 36.Kg2 Bd4
37.Rb8 Kg7 38.g4 Nd6 39.Raa8 h6 40.Kf3 Kf6 41.Ra6 Kg7 42.Bc6 g5 43.f5 Kf6
44.Rd8 Bc5 45.Bd5 Ke5 46.Rc6 Rxc6 47.Bxc6 h5 48.gxh5 Kxf5 49.Rg8  1-0

[Event "Zemplen Kupa op"]
[Site "Hungary"]
[Date "1998.??.??"]
[Round "7"]
[White "Emodi, Barnabas"]
[Black "Bali, Janos"]
[Result "1/2-1/2"]
[WhiteElo "2400"]
[BlackElo "2350"]

1.Nf3 d5 2.c4 c6 3.g3 Nf6 4.Bg2 Bf5 5.O-O e6 6.b3 Nbd7 7.Bb2 h6 8.d3 Be7
9.Nbd2 O-O 10.a3 a5 11.Bc3 Qb8 12.b4  1/2-1/2

[Event "Heart of Finland op"]
[Site "Jyvaskyla"]
[Date "1998.??.??"]
[Round "?"]
[White "Salo, Tapio"]
[Black "Holmsten, Aleksei"]
[Result "1-0"]
[WhiteElo "2315"]
[BlackElo "2425"]

1.Nf3 d5 2.c4 Nf6 3.cxd5 Nxd5 4.d4 g6 5.e4 Nb6 6.h3 Bg7 7.Nc3 O-O 8.Be2 Be6
9.d5 Bd7 10.O-O e6 11.Bg5 Qe8 12.Rc1 f5 13.exf5 Rxf5 14.Bd3 Rf8 15.Be4 e5
16.d6 c6 17.a4 Kh8 18.Be7 Rg8 19.Qb3 Na6 20.a5 Nc5 21.Qb4 Na6 22.Qa3 Nc8
23.Bh4 Rf8 24.Rcd1 Qe6 25.Bg3 Rb8 26.Rfe1 b5 27.axb6 Rxb6 28.Bb1 Qb3 29.Qxb3 Rxb3
30.Nxe5 Nc5 31.Rd2 Nb6 32.Ba2 Rb4 33.Nxd7 Ncxd7 34.Re7 Bf6 35.Ree2 Kg7 36.Ne4 Rd4
37.Rxd4 Bxd4 38.Ng5 Kh6 39.Ne6 Bc5  1-0

[Event "Independence Cup op"]
[Site "Kiev"]
[Date "1998.??.??"]
[Round "5"]
[White "Kosikov, Alexey I"]
[Black "Chichkin, Vasily"]
[Result "1-0"]
[WhiteElo "2445"]
[BlackElo "2380"]

1.Nf3 d5 2.c4 e6 3.g3 Nf6 4.Bg2 dxc4 5.O-O Nbd7 6.Qa4 c5 7.Qxc4 b6 8.b3 Bb7
9.Bb2 Rc8 10.d3 Bd6 11.Nbd2 O-O 12.Rfd1 Qe7 13.Rac1 Rfd8 14.Qc2 b5 15.Qb1 a6
16.Qa1 h6 17.a3 Qf8 18.Nf1 Be7 19.e4 Nb8 20.h3 Nc6 21.g4 Na5 22.Qa2 Nc6 23.Ng3 Rd7
24.Bf1 Rcd8 25.Be2 Rc8 26.Rd2 Rdd8 27.Rdc2 Nd7 28.Nh5 e5 29.Ng3 g6 30.Nf1 Nd4
31.Nxd4 cxd4 32.Rc7 Nc5 33.R1xc5 Bxc5 34.Rxb7 Rb8 35.Rxb8 Rxb8 36.b4 Bd6
37.Bd1 Rc8 38.Qd5 Qe7 39.Bb3 Kg7 40.Nh2 f6 41.Nf3 Bb8 42.Kh2 Rd8 43.Qc6 Qd6
44.Qc2 Qd7 45.Ng1 Rc8 46.Qd2 Qd6 47.Ne2 Rc6 48.Bc1 g5 49.Ng3 Qc7 50.Bb2 Kf8
51.Nf5 Qh7 52.Qd1 Qc7 53.Nxh6 Ke7 54.Qf3 Kd8 55.Bd5 Rb6 56.Nf7+ Kc8 57.Qf5+ Qd7
58.Qg6 Kc7 59.Qg8 Ba7 60.Nh6 Rb8 61.Qg6 Rb6 62.Nf5 a5 63.bxa5 Ra6 64.Bc1 Bc5
65.Bxg5 Qd8 66.Bc1 Rxa5 67.Qf7+ Qd7 68.Qxf6 Ra7  1-0

[Event "Klatovy op-B"]
[Site "Klatovy"]
[Date "1998.??.??"]
[Round "?"]
[White "Hubka, R."]
[Black "Kuttenberg, K."]
[Result "1-0"]
[WhiteElo "1835"]
[BlackElo "1680"]

1.Nf3 d5 2.c4 dxc4 3.Na3 g6 4.Nxc4 Bg7 5.g3 b6 6.Bg2 Bb7 7.O-O Nf6 8.Qc2 c5
9.d3 O-O 10.Bd2 Nbd7 11.Bc3 Re8 12.Rad1 Qc7 13.e4 e5 14.b3 b5 15.Ne3 Rac8
16.Nd2 b4 17.Ba1 Nb8 18.Rc1 Nbd7 19.Rfe1 Re7 20.d4 exd4 21.Bxd4 Qc6 22.e5 Qb6
23.Bxb7 Qxb7 24.exf6 Nxf6 25.Bxf6 Bxf6 26.Ndc4 Qc6 27.Ng4 Rxe1+ 28.Rxe1 Bd4
29.Nce5 Qe6 30.h3 f5 31.Nf3 Qd5 32.Nxd4 fxg4 33.Ne2 gxh3 34.Nf4 h2+ 35.Kxh2 Qg5
36.Qc4+ Kh8 37.Qe6 Rf8 38.Qe5+ Qf6 39.Qxf6+ Rxf6 40.Kg2 Rc6  1-0

[Event "Klatovy op-B"]
[Site "Klatovy"]
[Date "1998.??.??"]
[Round "?"]
[White "Hubka, R."]
[Black "Tlapa, V."]
[Result "0-1"]
[WhiteElo "1835"]
[BlackElo "1735"]

1.Nf3 d5 2.c4 e6 3.g3 Nf6 4.Bg2 c5 5.O-O Be7 6.cxd5 exd5 7.d4 c4 8.Nc3 O-O
9.Ne5 Bf5 10.b3 Bb4 11.Bd2 Bxc3 12.Bxc3 b5 13.bxc4 bxc4 14.Bb4 Re8 15.Nxc4 dxc4
16.Bxa8 Na6 17.Bc6 Nxb4 18.Bxe8 Qxe8 19.Qd2 Nbd5 20.Rac1 c3 21.Rxc3 Nxc3
22.Qxc3 Qxe2 23.Re1 Qxa2 24.Qf3 Be4 25.Qf4 h6 26.f3 Bd5 27.Rc1 Qa6 28.h4 Qd3
29.Rf1 a5 30.g4 a4 31.g5 hxg5 32.hxg5 Nh5 33.Qe5 Bc4 34.Rf2 a3 35.g6 fxg6
36.Qb8+ Kh7 37.Qa7 a2  0-1

[Event "Klatovy op-A"]
[Site "Klatovy"]
[Date "1998.??.??"]
[Round "?"]
[White "Vorsilka, Jiri"]
[Black "Simandl, Karel"]
[Result "1/2-1/2"]
[WhiteElo "1955"]
[BlackElo "2150"]

1.Nf3 d5 2.c4 e6 3.d4 Nf6 4.Bg5 Be7 5.Nc3 Nbd7 6.e3 O-O 7.Bd3 dxc4 8.Bxc4 c5
9.O-O cxd4 10.Nxd4 Nb6 11.Bd3 Nbd5 12.Rc1 Nxc3 13.Rxc3  1/2-1/2

[Event "Klatovy op-A"]
[Site "Klatovy"]
[Date "1998.??.??"]
[Round "?"]
[White "Lechtynsky, Jiri"]
[Black "Simandl, Karel"]
[Result "1-0"]
[WhiteElo "2405"]
[BlackElo "2150"]

1.Nf3 d5 2.c4 c6 3.Qc2 g6 4.b3 Bg7 5.Bb2 Nf6 6.g3 Bf5 7.d3 Na6 8.a3 dxc4
9.bxc4 Qd7 10.h3 Qc8 11.Nbd2 O-O 12.Bg2 Nc5 13.Bd4 Ne6 14.Bc3 Nc5 15.g4 Bd7
16.Ne5 Be6 17.f4 Nfd7 18.Ndf3 Nxe5 19.Nxe5 f6 20.Nf3 Qc7 21.e3 Rad8 22.Rd1 Bf7
23.O-O Nd7 24.Kh1 Rfe8 25.Rb1 e5 26.fxe5 Nxe5 27.Bxe5 fxe5 28.Ng5 Rf8 29.Qb3 Rd7
30.Ne4 b6 31.Qc3 c5 32.Nf6+ Bxf6 33.Rxf6 Qd8 34.Rbf1 Rxd3 35.Qxe5 Re8 36.Qf4  1-0

[Event "Klatovy op-A"]
[Site "Klatovy"]
[Date "1998.??.??"]
[Round "?"]
[White "Vorsilka, Jiri"]
[Black "Hasek, Vaclav"]
[Result "0-1"]
[WhiteElo "1955"]
[BlackElo "2165"]

1.Nf3 d5 2.c4 c6 3.b3 Bf5 4.Bb2 e6 5.g3 Nf6 6.Bg2 Nbd7 7.O-O Be7 8.d4 O-O
9.Nbd2 Ne4 10.Nxe4 Bxe4 11.Nd2 Bg6 12.e4 dxe4 13.Nxe4 Nf6 14.Qe2 Qa5 15.Bc3 Qb6
16.Rad1 Rfe8 17.Rfe1 Nxe4 18.Bxe4 Bxe4 19.Qxe4 Bf6 20.Rd3 Red8 21.Red1 Rd7
22.d5 cxd5 23.cxd5 exd5 24.Qf5 Qe6 25.Qxe6 fxe6 26.f4 Kf7 27.f5 exf5 28.Bxf6 Kxf6
29.Rxd5 Rxd5 30.Rxd5 Ke6 31.Rd2 Rc8 32.Kf2 Rc5 33.Ke3 h6 34.Kf3 g5 35.Ke3 b5
36.Kf3 b4 37.Ke3 a5 38.Kf3 h5 39.Ke3 Ke5 40.Kf3 g4+ 41.Ke3 Rc3+ 42.Kf2 f4
43.gxf4+ Kxf4 44.Re2 h4 45.Kg2 h3+ 46.Kf2 Rc1 47.Rd2 Rh1 48.Rd4+ Ke5 49.Rxg4 Rxh2+
50.Kg3 Rg2+  0-1

[Event "RUS-ch U18"]
[Site "Kolontaevo"]
[Date "1998.??.??"]
[Round "?"]
[White "Akbaev, Kazbek"]
[Black "Ignatiev, Alexander"]
[Result "0-1"]
[WhiteElo "2160"]
[BlackElo "2315"]

1.Nf3 d5 2.c4 c6 3.b3 Bf5 4.d3 h6 5.Bb2 e6 6.Nbd2 Nf6 7.g3 Be7 8.Bg2 O-O
9.O-O Nbd7 10.Re1 Bh7 11.a3 a5 12.h3 Qb6 13.d4 c5 14.Ne5 Rfd8 15.e3 Nxe5
16.dxe5 Ne8 17.cxd5 exd5 18.Qf3 a4 19.e4 dxe4 20.Qc3 Rd3 21.Nc4 Qxb3 22.Qxb3 axb3
23.a4 f5 24.a5 Kf8 25.Bf1 Rdd8 26.Nb6 Ra7 27.g4 g6 28.Bc3 Bg8 29.gxf5 gxf5
30.Red1 Be6 31.Be2 Nc7 32.Rxd8+ Bxd8 33.Rd1 Bg5 34.h4 Bxh4 35.Nd7+ Ke7 36.Nxc5 Nd5
37.Be1 e3 38.a6 bxa6 39.Ba5 exf2+ 40.Kh2 f4 41.Bf3 Bg3+ 42.Kh1 Ne3 43.Bd8+ Ke8
44.Bc6+ Kf7 45.Rb1 f1=Q+ 46.Rxf1 Nxf1 47.Ne4 b2 48.Nc3 Nd2 49.Bb6 Re7  0-1

[Event "Russia-chB (Women)"]
[Site "Kolontaevo"]
[Date "1998.??.??"]
[Round "?"]
[White "Anisheva, Varvara"]
[Black "Turkova, Olga"]
[Result "0-1"]
[WhiteElo "2190"]
[BlackElo "2160"]

1.Nf3 d5 2.c4 Nf6 3.b3 c6 4.Ba3 g6 5.e3 Bg7 6.Nc3 Ne4 7.Bb2 O-O 8.Qc2 Bf5
9.d3 Nxc3 10.Bxc3 Bxc3+ 11.Qxc3 f6 12.d4 Nd7 13.h4 a5 14.h5 g5 15.Bd3 Bxd3
16.Qxd3 a4 17.Ke2 axb3 18.Qxb3 Qb6 19.cxd5 Qxb3 20.axb3 cxd5 21.Rxa8 Rxa8
22.Rc1 b6 23.Rc7 Rd8 24.Rb7 Kf7 25.Kd3 e6 26.g4 Ke7 27.Nd2 Ra8 28.e4 Kd6
29.exd5 exd5 30.Nb1 Kc6 31.Rxd7 Kxd7 32.Nc3 Kc6 33.b4 Ra1 34.b5+ Kd6 35.f3 Rf1
36.Ke3 Rc1 37.Kd3 Ra1 38.Kd2 Ra3 39.Kc2 Ke6 40.Kb2 Ra5 41.Kb3 Ra1 42.Kc2 Rf1
43.Na4 Rf2+ 44.Kc1 Rxf3 45.Nxb6 Rb3 46.Na8 Rc3+ 47.Kd2 Rc8 48.Nb6 Rb8 49.Na4 Rxb5
50.Nc5+ Rxc5 51.dxc5 Kd7 52.h6 Kc6 53.Kc3 Kxc5 54.Kd3 Kd6 55.Kd4 Ke6 56.Kd3 Ke5
57.Ke3 d4+ 58.Kd3 f5  0-1

[Event "Russia-chB (Women)"]
[Site "Kolontaevo"]
[Date "1998.??.??"]
[Round "?"]
[White "Timurova, Lilia"]
[Black "Pavlovskaya, Evgenia"]
[Result "0-1"]
[WhiteElo "2015"]
[BlackElo "2180"]

1.Nf3 d5 2.c4 c6 3.e3 Nf6 4.Nc3 Bg4 5.Qb3 b6 6.Ne5 d4 7.Ne2 Bxe2 8.Bxe2 dxe3
9.dxe3 Qc7 10.Nf3 e5 11.O-O Bd6 12.g3 Nbd7 13.Qc2 h5 14.Rd1 Rd8 15.Nh4 e4
16.Nf5 Bf8 17.Qd2 Ne5 18.Qxd8+ Qxd8 19.Rxd8+ Kxd8 20.b3 g6 21.Bb2 Nfd7 22.Nd4 Kc7
23.f4 exf3 24.Nxf3 Bd6 25.Ng5 Re8 26.Rd1 Bf8 27.Rf1 f5 28.Bc1 Nf6 29.Re1 Bh6
30.Nh3 Bf8 31.Nf4 Bc5 32.Ng2 Ne4 33.Bb2 Ng4 34.Bd4 Bxd4 35.exd4 Nc3 36.Nf4 g5
37.h3 Nf6 38.Rf1 gxf4 39.Bd3 Re3 40.Bxf5 Ne2+ 41.Kh2 fxg3+ 42.Kg2 Nxd4 43.Bg6 Re6
44.Bf7 Rd6 45.Kxg3 Ne2+ 46.Kf3 Nc3 47.Ke3 a5 48.a4 Nce4 49.Rf5 Nc5 50.Kf4 Nxb3
51.Kg5 Ne4+ 52.Kf4 Nec5 53.Bxh5 Rd4+ 54.Ke5 Re4+ 55.Kf6 Rxc4 56.Kg5 Rxa4
57.h4 Ne6+ 58.Kf6 Rxh4  0-1

[Event "Krasnodar2"]
[Site "Krasnodar"]
[Date "1998.??.??"]
[Round "1"]
[White "Poluljahov, Aleksandr"]
[Black "Beshukov, Sergei"]
[Result "1/2-1/2"]
[WhiteElo "2505"]
[BlackElo "2405"]

1.Nf3 d5 2.c4 c6 3.d4 e6 4.g3 Nf6 5.Bg2 Be7 6.O-O O-O 7.Qc2 Nbd7 8.Rd1 b6
9.b3 Bb7 10.Nbd2 Rc8 11.e4 c5 12.exd5 exd5 13.Bb2 Re8 14.Qf5 g6 15.Qh3 h5
16.Ne5  1/2-1/2

[Event "RUS-Cup"]
[Site "Krasnodar"]
[Date "1998.??.??"]
[Round "1"]
[White "Beshukov, Sergei"]
[Black "Ibragimov, Ildar"]
[Result "1/2-1/2"]
[WhiteElo "2405"]
[BlackElo "2590"]

1.Nf3 d5 2.c4 c6 3.e3 Nf6 4.Nc3 e6 5.b3 Bd6 6.Bb2 O-O 7.Qc2 Nbd7 8.Be2 dxc4
9.bxc4 e5 10.O-O Re8 11.Rad1 Qe7 12.d3 Nf8 13.Nd2 Bf5 14.Bf3 Ne6 15.Nce4 Nxe4
16.Nxe4 Bc7 17.Ng3 Bg6 18.Be4 Rad8 19.Bc3 Bxe4 20.Nxe4 f6 21.Rfe1 Bb8 22.g3 f5
23.Nd2 Ng5 24.h4 Nf7 25.Nf3 e4 26.Nd4 exd3 27.Qxd3 g6 28.Qe2 Be5 29.Bb2 Bf6
30.Nf3 Ne5 31.Bxe5 Bxe5 32.Rxd8 Rxd8 33.Nxe5 Qxe5 34.Rd1 Qc7 35.Rd3 Rxd3
36.Qxd3 Kf8 37.Qd4 c5 38.Qd5 Kg7 39.Qe6 b6 40.Kf1 Qb7 41.Kg1 Qc7  1/2-1/2

[Event "RUS-Cup"]
[Site "Krasnoiarsk"]
[Date "1998.??.??"]
[Round "9"]
[White "Shariyazdanov, Andrey"]
[Black "Vaulin, Alexander"]
[Result "1/2-1/2"]
[WhiteElo "2495"]
[BlackElo "2535"]

1.Nf3 d5 2.c4 d4 3.g3 Nc6 4.Bg2 e5 5.O-O Nf6 6.d3 a5 7.Bg5 Be7 8.Nbd2 O-O
9.Bxf6 Bxf6 10.Ne1 Bg4  1/2-1/2

[Event "Kstovo (Women)"]
[Site "Kstovo"]
[Date "1998.??.??"]
[Round "?"]
[White "Manakova, Maria"]
[Black "Stepovaia Dianchenko, Tatiana"]
[Result "1/2-1/2"]
[WhiteElo "2315"]
[BlackElo "2355"]

1.Nf3 d5 2.c4 c6 3.b3 Nf6 4.Bb2 Bf5 5.g3 e6 6.Bg2 h6 7.O-O Nbd7 8.d3 Be7
9.Nc3 O-O 10.Re1 dxc4 11.bxc4 e5 12.Nd2 Qc7 13.Nce4 Nxe4 14.Nxe4 Nc5 15.Nxc5 Bxc5
16.Rb1 Rfe8 17.Bc3 Rad8 18.Qa4 e4 19.d4 Bxd4 20.Bxd4 Rxd4 21.Qxa7 Rd7 22.e3 Ree7
23.Red1 Rxd1+ 24.Rxd1 Rd7 25.Rxd7 Qxd7 26.h4 g6 27.Qb8+ Kh7 28.c5 Qd1+ 29.Kh2 Qb1
30.a4 Qb4 31.Qf8 Be6 32.Bh3 Qd2 33.Bxe6 Qxf2+ 34.Kh3 Qf1+ 35.Kh2 Qf2+ 36.Kh3 Qf1+  1/2-1/2

[Event "Kuopio We KSY"]
[Site "Kuopio"]
[Date "1998.??.??"]
[Round "5"]
[White "Sammalvuo, Tapani"]
[Black "Nei, Mati"]
[Result "0-1"]
[WhiteElo "2395"]
[BlackElo "2300"]

1.Nf3 d5 2.c4 e6 3.d4 c6 4.Nc3 dxc4 5.a4 Bb4 6.e3 b5 7.Bd2 a5 8.axb5 Bxc3
9.Bxc3 cxb5 10.b3 Bb7 11.bxc4 b4 12.Bb2 Nf6 13.Bd3 Be4 14.Bxe4 Nxe4 15.d5 O-O
16.Qd4 Nf6 17.e4 exd5 18.cxd5 Re8 19.Ne5 Nbd7 20.f4 Qb6 21.O-O Qxd4+ 22.Bxd4 Nxe5
23.fxe5 Nxe4 24.Rf4 Nc3 25.Bxc3 bxc3 26.d6 Rxe5 27.Rc4 Rd5 28.Rxc3 Kf8 29.Rc6 Ke8
30.Ra4 Ra7 31.Rac4 Kd7 32.Rc7+ Rxc7 33.Rxc7+ Kxd6 34.Rxf7 Rg5 35.h4 Rg4 36.Ra7 a4
37.Kf2 h5 38.g3 Kc5 39.Kf3 g6 40.Ra6 Kb5 41.Ra8 Kb4 42.Rb8+ Kc3 43.Ra8 Kb3
44.Rb8+ Rb4 45.Rg8 a3 46.Rxg6 a2 47.Ra6 Ra4 48.Rb6+ Ka3  0-1

[Event "Leon op"]
[Site "Leon"]
[Date "1998.??.??"]
[Round "4"]
[White "Strikovic, Aleksa"]
[Black "Piankov, Evgenij"]
[Result "1-0"]
[WhiteElo "2565"]
[BlackElo "2385"]

1.Nf3 d5 2.c4 e6 3.b3 Nf6 4.g3 Be7 5.Bg2 O-O 6.O-O a5 7.Nc3 Nc6 8.Bb2 Re8
9.d4 b6 10.Rc1 Bb7 11.cxd5 exd5 12.Ne5 Na7 13.e3 Bb4 14.Qc2 Re7 15.Rfd1 Qe8
16.a3 Bd6 17.Nc4 Qd7 18.Nxd6 Qxd6 19.a4 Ne4 20.Nxe4 dxe4 21.d5 Bxd5 22.Qc3 f6
23.Bf1 c6 24.Qd4 Qb4 25.Bc4 Bxc4 26.bxc4 Kh8 27.Bc3 Qxa4 28.Qxb6 Ree8 29.Rd7 Nc8
30.Qc7 Qa3 31.Rxg7 Ra7 32.Bxf6 Qxc1+ 33.Kg2 Rxc7 34.Rg5+ Rg7 35.Bxg7+ Kg8
36.Bb2+ Kf7 37.Bxc1 a4 38.Rc5 Re6 39.Ra5 Nb6 40.c5 Nd7 41.Ra7 Ke8 42.Ba3 h5
43.Rxa4 Re5 44.Bb2 Rxc5 45.Rxe4+ Kf7 46.Rd4 Rd5 47.Rxd5 cxd5 48.Bd4 Kg6 49.h3 Kf5
50.f3 Nb8 51.g4+ Kg6 52.Kg3 Nc6 53.f4 hxg4 54.hxg4 Kh6  1-0

[Event "Leon op"]
[Site "Leon"]
[Date "1998.??.??"]
[Round "6"]
[White "Strikovic, Aleksa"]
[Black "Izeta Txabarri, Felix"]
[Result "0-1"]
[WhiteElo "2565"]
[BlackElo "2475"]

1.Nf3 d5 2.c4 d4 3.b4 c5 4.Bb2 a5 5.bxc5 Nc6 6.e3 e5 7.exd4 exd4 8.d3 Bxc5
9.Be2 a4 10.O-O Nf6 11.Na3 O-O 12.Nb5 h6 13.Rb1 Re8 14.Bc1 Bf5 15.Bf4 Re7
16.Re1 a3 17.Bf1 Rxe1 18.Qxe1 b6 19.Ne5 Nxe5 20.Qxe5 Bg6 21.Qe2 Qe8 22.Be5 Qd8
23.Qf3 Nd7 24.Bf4 Nf8 25.Bc7 Qc8 26.h4 Ne6 27.Be5 h5 28.g3 Qe8 29.Re1 Rd8
30.Bf4 Qd7 31.Bh3 Re8 32.Nc7 Re7 33.Nxe6 fxe6 34.Qe2 Bf5 35.Bg2 Bg4 36.Qe5 Rf7
37.Be4 Bb4 38.Rb1 Bc5 39.Bg6 Rf8 40.Re1 Bb4 41.Re4 Qa4 42.Re1 Bxe1 43.Qxe1 Qd1
44.Qxd1 Bxd1 45.Bd6 Ra8 46.c5 bxc5 47.Bxc5 Bf3 48.Bxd4 Rc8 49.g4 hxg4  0-1

[Event "Leon op"]
[Site "Leon"]
[Date "1998.??.??"]
[Round "9"]
[White "Strikovic, Aleksa"]
[Black "Prakken, Gerrit"]
[Result "1-0"]
[WhiteElo "2565"]
[BlackElo "2255"]

1.Nf3 d5 2.c4 c6 3.b3 Nf6 4.Bb2 Bg4 5.d3 Bxf3 6.exf3 Nbd7 7.Be2 e6 8.f4 Bd6
9.g3 O-O 10.O-O a5 11.Nd2 a4 12.Rb1 axb3 13.axb3 Qe7 14.Nf3 Ra2 15.Ne5 Ba3
16.Ba1 Bb4 17.Bf3 Rfa8 18.Nxd7 Nxd7 19.Bb2 Qc5 20.Ra1 R8a5 21.Rxa2 Rxa2 22.Qb1 Qa7
23.f5 Ra5 24.fxe6 fxe6 25.Bg4 Nf8 26.Qd1 Ra2 27.Be5 Qb6 28.Bh3 Bd2 29.Qf3 Ra8
30.d4 Qd8 31.c5 Bg5 32.Re1 Kh8 33.b4 Qd7 34.Kg2 Kg8 35.Qe2 Re8 36.Bg4 Bd8
37.b5 cxb5 38.Rb1 Bc7 39.Bxc7 Qxc7 40.Qxb5 Re7 41.f4 g6 42.Re1 Kf7 43.h4 h6
44.h5 g5 45.fxg5 hxg5 46.Re5 Nh7 47.Qd3  1-0

[Event "PER-ch sf"]
[Site "Lima"]
[Date "1998.??.??"]
[Round "3"]
[White "Miguel, Fernando"]
[Black "Pacheco Asmat, Jorge"]
[Result "1/2-1/2"]
[WhiteElo "2300"]
[BlackElo "2370"]

1.Nf3 d5 2.c4 e6 3.d4 Be7 4.Nc3 Nf6 5.Bg5 O-O 6.e3 h6 7.Bh4 b6 8.Rc1 Bb7
9.cxd5 Nxd5 10.Nxd5 exd5 11.Bxe7 Qxe7 12.Bd3 c5 13.O-O Nd7 14.Bb1 Rfc8 15.Qd3 Nf8
16.Ne5 Qe6 17.Qd1 cxd4 18.Rxc8 Rxc8 19.exd4 Nd7 20.g4 g6 21.f4 Nxe5 22.fxe5 Rc4
23.h3 Qe7 24.Kh2 Kg7 25.b3 Rc7 26.Qf3 Ba6  1/2-1/2

[Event "Ljubljana op"]
[Site "Ljubljana"]
[Date "1998.??.??"]
[Round "2"]
[White "Mohr, Georg"]
[Black "Sitnik, Igor"]
[Result "1-0"]
[WhiteElo "2455"]
[BlackElo "2255"]

1.Nf3 d5 2.c4 e6 3.g3 Nf6 4.Bg2 Be7 5.O-O O-O 6.d4 Nbd7 7.b3 b6 8.Qc2 Bb7
9.Nc3 a6 10.Rd1 Bd6 11.cxd5 exd5 12.Bf4 Qe7 13.Bxd6 cxd6 14.Nd2 Rac8 15.Qd3 Rc7
16.Rac1 Rfc8 17.e3 b5 18.a3 Qe6 19.Rc2 Nb6 20.Rdc1 Qe7 21.Ne2 Rxc2 22.Rxc2 a5
23.Rxc8+ Nxc8 24.Nc3 Bc6 25.Bf1 Na7 26.Qc2 Qb7 27.b4 axb4 28.axb4 Ne4 29.Ndxe4 dxe4
30.Qa2 d5 31.Qa5 g6 32.Be2 Kg7 33.h4 h6 34.Bd1 Nc8 35.Qd8 Nb6 36.Bb3 Nc4
37.Bxc4 bxc4 38.Qd6 Qa8 39.b5 Bb7 40.Kg2 Qc8 41.b6 Qf5 42.Kg1 Qf6 43.Qc5 Qc6
44.Kf1 Kf6 45.Nxe4+ Ke6 46.Qxc6+ Bxc6 47.b7  1-0

[Event "Ljubljana op"]
[Site "Ljubljana"]
[Date "1998.??.??"]
[Round "5"]
[White "Ciglic, Boris"]
[Black "Barle, Janez"]
[Result "1-0"]
[WhiteElo "2175"]
[BlackElo "2415"]

1.Nf3 d5 2.c4 d4 3.e3 Nc6 4.exd4 Nxd4 5.Nxd4 Qxd4 6.Nc3 e5 7.d3 Ne7 8.Be2 c6
9.O-O Nf5 10.Ne4 Be7 11.Rb1 O-O 12.b4 f6 13.Ng3 Nxg3 14.hxg3 Bf5 15.Be3 Qd7
16.Qb3 Rfd8 17.Rbd1 Bg4 18.f3 Be6 19.d4 exd4 20.Rxd4 Qc7 21.Rxd8+ Rxd8 22.f4 c5
23.b5 Bf5 24.Rd1 Be4 25.Kf2 f5 26.Rxd8+ Bxd8 27.Qa3 b6 28.Qc3 Bf6 29.Qd2 Qf7
30.Bd3 Qb7 31.Bf1 Qe7 32.Be2 Qe6 33.a4 g6 34.a5 h5 35.a6 Kf8 36.Qd1 Ke7 37.Qd2 Qg8
38.Qd1 Qh8 39.Bf3 Qa8 40.Qd2 h4 41.g4 h3 42.Bxe4 Qxe4 43.gxh3 Qxc4 44.Qe2 Qxe2+
45.Kxe2 Kd6 46.g5 Be7 47.h4 Kd5 48.Kd3 Bd6 49.Bd2 c4+ 50.Kc3 Kc5 51.Bc1 Kxb5
52.Kd4 Kc6 53.Kxc4 Bc5 54.Bb2 b5+ 55.Kd3 Kd5 56.h5 gxh5 57.g6 Bf8 58.Bd4 h4
59.Bxa7 Kc6 60.Bg1 h3  1-0

[Event "Ljubljana op"]
[Site "Ljubljana"]
[Date "1998.??.??"]
[Round "7"]
[White "Kogan, Artur"]
[Black "Sveshnikov, Evgeny"]
[Result "1/2-1/2"]
[WhiteElo "2505"]
[BlackElo "2595"]

1.Nf3 d5 2.c4 c6 3.d4 e6 4.Nbd2 Nf6 5.g3 Be7 6.Bg2 O-O 7.O-O b6 8.b3 Bb7
9.Bb2 Nbd7 10.Ne5 c5 11.cxd5 Nxd5 12.Nxd7 Qxd7 13.dxc5 Bxc5 14.Ne4 Be7 15.Qd4 f6
16.Rad1 Rfd8 17.Bh3 Qc6 18.Rc1 Bc5 19.Qc4 f5 20.Nxc5 Nf4 21.f3 Nxh3+ 22.Kg2 bxc5
23.Kxh3 Rd5 24.Rfd1 Rad8 25.Rxd5 Rxd5 26.b4 Ba6 27.Qc3 e5 28.bxc5 Bxe2 29.Re1 Qh6+
30.Kg2 Rd2 31.Kg1 Bxf3 32.Qb3+ Kf8 33.Qb8+ Kf7 34.Qxa7+ Kg6 35.Qb6+ Kh5 36.Qxh6+ gxh6
37.Bxe5 Rxa2 38.Rc1 Bc6 39.h3 Rg2+ 40.Kf1 Ra2 41.Bf4 Kg6 42.Rd1 Bb5+ 43.Kg1 Rc2
44.Rd6+ Kf7 45.Be3 Re2 46.Bf4 Rc2 47.Rxh6 Kg7 48.Be3 Rxc5 49.Rxh7+ Kxh7 50.Bxc5  1/2-1/2

[Event "SLO-ch"]
[Site "Maribor"]
[Date "1998.??.??"]
[Round "3"]
[White "Mohr, Georg"]
[Black "Zupe, Miran"]
[Result "1-0"]
[WhiteElo "2455"]
[BlackElo "2410"]

1.Nf3 d5 2.c4 c6 3.e3 g6 4.Nc3 Nf6 5.d4 Bg7 6.Bd3 O-O 7.O-O Bf5 8.cxd5 Bxd3
9.Qxd3 Nxd5 10.e4 Nb6 11.Bg5 Na6 12.Rad1 Qd7 13.Rfe1 Rfe8 14.Qe3 Nc7 15.Qc1 Ne6
16.Bh6 Qc7 17.e5 Rad8 18.Re4 f5 19.Rh4 Bh8 20.g4 f4 21.Ng5 Nxd4 22.e6 Na4
23.Rxd4 Rxd4 24.Nb5 Qe5 25.Nxd4 Qxd4 26.Nxh7 Kxh7 27.Bxf4+ Kg8 28.Qc2 Qf6
29.Be5 Qxe6  1-0

[Event "FRA-chB"]
[Site "Meribel"]
[Date "1998.??.??"]
[Round "2"]
[White "Depyl, Pascal"]
[Black "Giffard, Nicolas"]
[Result "1-0"]
[WhiteElo "2210"]
[BlackElo "2395"]

1.Nf3 d5 2.c4 c6 3.d4 e6 4.e3 f5 5.Bd3 Nf6 6.Qc2 Be7 7.O-O O-O 8.b3 Qe8 9.Ne5 Qh5
10.Be2 Qe8 11.f4 Ne4 12.Ba3 Bxa3 13.Nxa3 Qe7 14.Nb1 Nd7 15.Nd2 Nxd2 16.Qxd2 Nxe5
17.dxe5 b6 18.Rac1 Bb7 19.c5 b5 20.Qd4 a5 21.g4 g6 22.Kh1 Kh8 23.Rg1 b4 24.Rg3 Ba6
25.Bf3 Rab8 26.Rh3 Rg8 27.Rh6 Qg7 28.g5 Qe7 29.h4 Rg7 30.h5 Kg8 31.Rc2 Kf7
32.Bg2 Qc7 33.Qd2 Qd8 34.Qf2 Qe7 35.Qd2 Qc7 36.Rc1 Qd8 37.Bf3 Qc7 38.Qh2 Rbg8
39.Qd2 Rb8 40.Kg2 Qe7 41.Kg3 Qc7 42.Rh1 Rbg8 43.Rh4 Kf8 44.Rh1 Qe7 45.Rc1 Kf7
46.Qh2 Qc7 47.Rh1 Kf8 48.a3 Qb7 49.Qd2 Kf7 50.Ra1 Rb8 51.axb4 axb4 52.Ra5 Kg8
53.hxg6 hxg6 54.Qh2 Kf7 55.Qa2 Ra8 56.Be2  1-0

[Event "FRA-ch (Women)"]
[Site "Meribel"]
[Date "1998.??.??"]
[Round "7"]
[White "Flear, Christine"]
[Black "Dubois, Martine"]
[Result "1-0"]
[WhiteElo "2240"]
[BlackElo "2030"]

1.Nf3 d5 2.c4 dxc4 3.e3 Be6 4.Na3 c5 5.Nxc4 Nc6 6.Be2 g6 7.Nce5 Nxe5 8.Nxe5 Bg7
9.Qa4+ Kf8 10.d4 a6 11.O-O b5 12.Qd1 Qc7 13.f4 Rd8 14.Qc2 Rc8 15.a4 Qb8 16.d5 Bxe5
17.dxe6 Bg7 18.axb5 axb5 19.exf7 Nh6 20.Bd2 Kxf7 21.Ra5 c4 22.g4 Rhd8 23.Rfa1 Qb7
24.Ra7 Rxd2 25.Qxd2 Qe4 26.Kf2 Rc6 27.Bf3 Nxg4+ 28.Bxg4 Rf6 29.Bf3 Rxf4 30.exf4 Bd4+
31.Kg3  1-0

[Event "Miercurea Ciuc op"]
[Site "Miercurea Ciuc"]
[Date "1998.??.??"]
[Round "3"]
[White "Deglmann, Ludwig"]
[Black "Ionescu Brandis, Irina"]
[Result "1-0"]
[WhiteElo "2240"]
[BlackElo "2330"]

1.Nf3 d5 2.c4 c6 3.b3 Bg4 4.Bb2 Nd7 5.d4 Ngf6 6.Nbd2 e6 7.g3 Be7 8.Bg2 O-O
9.O-O a5 10.h3 Bh5 11.Ne5 a4 12.g4 Bg6 13.Nxg6 hxg6 14.e4 dxe4 15.Nxe4 Qc7
16.Nc3 a3 17.Bc1 Rfd8 18.g5 Nh5 19.Qg4 Bb4 20.Ne2 Ra5 21.Be3 Bd6 22.c5 Be7
23.b4 Ra4 24.Rab1 e5 25.d5 Bxc5 26.Bxc5 Nxc5 27.Nc3 cxd5 28.Nxd5 Rxd5 29.Bxd5 Nd7
30.Rbc1 Qd6 31.Rfd1 Qe7 32.Bxf7+ Qxf7 33.Rxd7 Qxa2 34.Rd8+  1-0

[Event "Miercurea Ciuc op"]
[Site "Miercurea Ciuc"]
[Date "1998.??.??"]
[Round "4"]
[White "Szabo, Virag"]
[Black "Pirau, Horatiu"]
[Result "0-1"]
[WhiteElo "2030"]
[BlackElo "2205"]

1.Nf3 d5 2.c4 g6 3.cxd5 Qxd5 4.Nc3 Qd8 5.g3 Bg7 6.Bg2 c6 7.O-O e5 8.d3 Ne7
9.Bd2 O-O 10.Rc1 h6 11.Ne4 a5 12.b3 Re8 13.Bc3 Nf5 14.Ned2 Nd4 15.Ba1 Bf5
16.Rc4 Be6 17.Rc1 Bf5 18.Rc4 Be6 19.Rc1 Bg4 20.h3 Bf5 21.Rc4 Be6 22.Rc1 Qd7
23.Kh2 Na6 24.e3 Nxf3+ 25.Nxf3 Nb4 26.Bxe5 Nxd3 27.Bxg7 Nxc1 28.Bd4 Nxa2
29.Ne5 Qc8 30.Qa1 Nb4 31.Qb2 Kh7 32.h4 Nd5 33.Nc4 Qd8 34.Rd1 Qe7 35.e4 Nc7
36.Bf6 Qb4 37.Nd6 Qxb3 38.Qa1 Reb8  0-1

[Event "RUS-Cup02"]
[Site "Moscow"]
[Date "1998.??.??"]
[Round "7"]
[White "Manakova, Maria"]
[Black "Korobov, Anton"]
[Result "0-1"]
[WhiteElo "2315"]
[BlackElo "2165"]

1.Nf3 d5 2.c4 e6 3.g3 c6 4.b3 Nf6 5.Bb2 Nbd7 6.Bg2 Bd6 7.O-O O-O 8.d4 b5
9.c5 Bc7 10.b4 a5 11.a3 Qe7 12.Nbd2 Bb7 13.Ne5 Ne8 14.e4 f6 15.Nxd7 Qxd7
16.exd5 exd5 17.Re1 g6 18.Qe2 Ng7 19.Qe7 Qxe7 20.Rxe7 Rf7 21.Rae1 Bc8 22.Bc3 Rxe7
23.Rxe7 Ne6 24.Bh3 f5 25.g4 Bd8 26.gxf5 Bxe7 27.fxe6 axb4 28.Bxb4 Kg7 29.Nf3 Bf6
30.Kg2 Kf8 31.Bd2 Ke7 32.Ng5 h6 33.Nf3 Bxe6 34.Bb4 g5 35.Bxe6 Kxe6 36.Kg3 Kf5  0-1

[Event "EU-ch U18"]
[Site "Murek"]
[Date "1998.??.??"]
[Round "7"]
[White "Pilaj, Herwig"]
[Black "Azarov, Sergei"]
[Result "0-1"]
[WhiteElo "2215"]
[BlackElo "2445"]

1.Nf3 d5 2.c4 e6 3.g3 Nf6 4.Bg2 Be7 5.O-O O-O 6.b3 b6 7.Bb2 Bb7 8.e3 Nbd7
9.Qe2 c5 10.Rd1 dxc4 11.bxc4 Qc7 12.Nc3 Rac8 13.a4 Rfd8 14.a5 bxa5 15.Nb5 Qb8
16.d3 a6 17.Nc3 Qc7 18.Ra3 Nb8 19.Rda1 Nc6 20.Ne1 Rd7 21.Ne4 Nxe4 22.Bxe4 Rcd8
23.Bc3 Nb4 24.Bxb7 Qxb7 25.Rxa5 Nxd3 26.Rxa6 Nxe1 27.Bxe1 Bf6 28.Ra7 Qxa7
29.Rxa7 Rxa7 30.Kg2 Ra1 31.f3 Rb1  0-1